The 10 Countries with the Most Medals - 2026 Olympics (Sudden Death) - Statistics

General Stats
  • This quiz has been taken 84 times
    78 since last reset
  • The average score is 4 of 10
Answers on the Grid
Answers color-coded by a green-red scale on the quiz's grid according to % correct below.
Norway
United States
Netherlands
Italy
Germany
France
Sweden
Switzerland
Austria
Japan
Canada
China
South Korea
Australia
Great Britain
Spain
Poland
Finland
Latvia
Bulgaria
Belgium
 
Answer Stats
Answer % Correct
2nd place in the rankings (12πŸ₯‡; 12πŸ₯ˆ; 9πŸ₯‰) United States
86%
1st place in the rankings (18πŸ₯‡; 12πŸ₯ˆ; 11πŸ₯‰) Norway
64%
5th place in the rankings (8πŸ₯‡; 10πŸ₯ˆ; 8πŸ₯‰) Germany
54%
6th place in the rankings (8πŸ₯‡; 9πŸ₯ˆ; 6πŸ₯‰) France
46%
4th place in the rankings (10πŸ₯‡; 6πŸ₯ˆ; 14πŸ₯‰) Italy
39%
3rd place in the rankings (10πŸ₯‡; 7πŸ₯ˆ; 3πŸ₯‰) Netherlands
36%
10th place in the rankings (5πŸ₯‡; 7πŸ₯ˆ; 12πŸ₯‰) Japan
21%
9th place in the rankings (5πŸ₯‡; 8πŸ₯ˆ; 5πŸ₯‰) Austria
18%
8th place in the rankings (6πŸ₯‡; 9πŸ₯ˆ; 8πŸ₯‰) Switzerland
18%
7th place in the rankings (8πŸ₯‡; 6πŸ₯ˆ; 4πŸ₯‰) Sweden
14%
No matching quizzes found
Score Distribution
Percent of People with Each Score
Percentile by Number Answered
Your Score History
You have not taken this quiz since the last reset